UBT Library

Radical management : (Record no. 41771)

000 -LEADER
fixed length control field 00550cam a2200205 a 4500
001 - CONTROL NUMBER
control field 3804769
005 - DATE AND TIME OF LATEST TRANSACTION
control field 20180205073303.0
008 - FIXED-LENGTH DATA ELEMENTS--GENERAL INFORMATION
fixed length control field 850423s1985 nyu 001 0 eng
010 ## - LIBRARY OF CONGRESS CONTROL NUMBER
LC control number 85010150
020 ## - INTERNATIONAL STANDARD BOOK NUMBER
International Standard Book Number 0029059402
040 ## - CATALOGING SOURCE
Original cataloging agency DLC
Transcribing agency DLC
Modifying agency DLC
041 ## - LANGUAGE CODE
Language code of text/sound track or separate title eng
080 ## - UNIVERSAL DECIMAL CLASSIFICATION NUMBER
Universal Decimal Classification number 658
082 00 - DEWEY DECIMAL CLASSIFICATION NUMBER
Classification number 658 DON
Edition number 19
100 1# - Rafti
Rafti 54
101 ## - Shkurtesa
Shkurtesa LID
245 10 - TITLE STATEMENT
Title Radical management :
Statement of responsibility, etc Samuel A. Culbert, John J. McDonough.
906 ## - LOCAL DATA ELEMENT F, LDF (RLIN)
a 7
b cbc
c orignew
d 1
e ocip
f 19
g y-gencatlg
942 ## - ADDED ENTRY ELEMENTS (KOHA)
Source of classification or shelving scheme
Item type Books
Holdings
Withdrawn status Lost status Source of classification or shelving scheme Damaged status Not for loan Permanent location Current location Date acquired Total Checkouts Full call number Barcode Date last seen Price effective from Koha item type
          UBT - Lipjan UBT - Lipjan 02/05/2018   658 DON 002-2997157 02/05/2018 02/05/2018 Books
UBT Library © 2015-2024. All rights reserved University Education for Business and Technology